000 00727nam a2200241u 4500
001 19805
003 BD-RjUL
005 20211209000500.0
008 140225s1966 ii a b 001 0 eng
035 _a(BD-RjUL)19866
040 _aDLC
_cCarP
_dBD-RjUL
_beng
041 _aeng
082 0 4 _219
_a750.1
_bRAK 1966
100 1 _aRandhawa, M. S.
_q(Mohinder Singh),
_d1909-1986.
_950755
245 1 0 _aKangra paintings of the Bihārī Sat Saī /
_cM S Randhawa
260 _aNew Delhi :
_bNational Museum,
_cc1966.
300 _axi, 87 p. :
_bill. ;
_c30 cm.
650 0 _aPainting, Indic.
_960845
650 0 _aPainting
_zIndia
_zKāngra (District)
_960846
942 _2ddc
_cBK
999 _c19805
_d19805